[Event "Lviv Tradition June 2018"]
[Site "Lviv"]
[Date "2018.06.11"]
[Round "1"]
[White "Can, Isik"]
[Black "Shkuran, Danylo"]
[Result "1/2-1/2"]
[WhiteElo "2396"]
[BlackElo "2368"]
[Annotator "ChessBase"]
[PlyCount "69"]
[EventDate "2018.??.??"]
[EventType "schev"]
[EventCountry "UKR"]
[SourceTitle "playchess.com"]
[Source "ChessBase"]
[SourceQuality "1"]
[TimeControl "5400+30"]

1. e4 {[%emt 0:00:00]} c5 {[%emt 0:00:19]} 2. Nf3 {[%emt 0:00:00]} e6 {[%emt 0:00:04]} 3. d4 {[%emt 0:00:00]} cxd4 {[%emt 0:00:08]} 4. Nxd4 {[%emt 0:00:00]} a6 {[%emt 0:00:07]} 5. c4 {[%emt 0:00:00]} Nf6 {[%emt 0:00:56]} 6. Nc3 {[%emt 0:00:01]} Bb4 {[%emt 0:01:06]} 7. Qd3 {[%emt 0:00:06]} d5 {[%emt 0:02:44]} 8. exd5 {[%emt 0:00:19]} exd5 {[%emt 0:00:08]} 9. Be2 {[%emt 0:00:04]} O-O {[%emt 0:02:29]} 10. O-O {[%emt 0:00:06]} dxc4 {[%emt 0:12:05]} 11. Qxc4 {[%emt 0:00:02]} Bxc3 {[%emt 0:00:22]} 12. Qxc3 {[%emt 0:14:56]} Ne4 {[%emt 0:03:26]} 13. Qd3 {[%emt 0:13:33]} Re8 {[%emt 0:01:04]} 14. Bf3 {[%emt 0:02:24]} Bf5 {[%emt 0:04:38]} 15. Qd1 {[%emt 0:05:24]} Bg6 {[%emt 0:04:17]} 16. Be3 {[%emt 0:00:27]} Nd7 {[%emt 0:01:11]} 17. Qb3 {[%emt 0:02:50]} Ndc5 {[%emt 0:08:43]} 18. Qa3 {[%emt 0:00:23]} Ne6 {[%emt 0:27:08]} 19. Rfd1 {[%emt 0:13:17]} Qf6 {[%emt 0:03:44]} 20. Nxe6 {[%emt 0:16:03]} Qxe6 {[%emt 0:00:18]} 21. Rac1 {[%emt 0:01:21]} Rac8 {[%emt 0:01:20]} 22. Qa5 {[%emt 0:04:12]} h6 {[%emt 0:02:23]} 23. h3 {[%emt 0:03:00]} Kh7 {[%emt 0:05:28]} 24. b3 {[%emt 0:07:24]} Rxc1 {[%emt 0:05:50]} 25. Rxc1 {[%emt 0:00:18]} Rc8 {[%emt 0:00:05]} 26. Rxc8 {[%emt 0:05:20]} Qxc8 {[%emt 0:00:05]} 27. h4 {[%emt 0:03:00]} Nf6 {[%emt 0:03:59]} 28. Qb4 {[%emt 0:04:34]} Qc2 {[%emt 0:04:26]} 29. Qxb7 {[%emt 0:01:58]} Qxa2 {[%emt 0:00:15]} 30. Kh2 {[%emt 0:01:46]} h5 {[%emt 0:02:33]} 31. Bd4 {[%emt 0:01:32]} Qd2 {[%emt 0:01:30]} 32. Be3 {[%emt 0:00:18]} Qd6+ {[%emt 0:00:56]} 33. Kg1 {[%emt 0:00:16]} Ng4 {[%emt 0:00:18]} 34. Bxg4 {[%emt 0:01:21]} hxg4 {[%emt 0:00:05]} 35. Qb6 {[%emt 0:00:36]} 1/2-1/2

[Event "Lviv Tradition June 2018"]
[Site "Lviv"]
[Date "2018.06.11"]
[Round "1"]
[White "Dedebas, Emre Emin"]
[Black "Sabuk, Piotr"]
[Result "1/2-1/2"]
[WhiteElo "2336"]
[BlackElo "2369"]
[Annotator "TA"]
[PlyCount "94"]
[EventDate "2018.??.??"]
[EventType "schev"]
[EventCountry "UKR"]
[SourceTitle "playchess.com"]
[Source "ChessBase"]
[SourceQuality "1"]

{[%evp 25,94,32,23,25,27,34,147,155,137,39,48,49,53,50,47,41,43,32,47,34,41,24,28,28,31,25,28,34,26,26,29,26,40,23,29,12,36,14,15,15,17,0,2,-8,-8,-11,0,0,0,-14,0,0,0,-31,-28,-31,-13,-21,0,0,0,0,6,0,14,0,0,0,0,0,0]} 1. d4 Nf6 2. Nf3 e6 3. c4 d5 4. Nc3 Be7 5. Bf4 O-O 6. e3 b6 {[%cal Bb7b6,Bb6b5][%mdl 32]} 7. Bd3 dxc4 8. Bxc4 Bb7 9. O-O a6 {D37: Queen's Gambit Declined: 5 Bf4} (9... Nbd7 10. Qe2 a6 11. Rfd1 b5 12. Bd3 Bd6 13. Bg5 h6 14. Bh4 c5 15. Ne4 Bxe4 16. Bxe4 Ra7 17. dxc5 Nxc5 {1-0 (26) Nakamura,H (2775)-Anand,V (2793) London 2014}) 10. Qe2 b5 11. Bd3 c5 12. dxc5 Bxc5 13. a3 Nbd7 {LiveBook: 4 Games} 14. Rfd1 Rc8 15. Ne5 g6 $146 ({Black should play} 15... Nd5 $14) ({Predecessor:} 15... Qe7 16. Nxd7 Nxd7 {1-0 (33) Shpakovsky,A-Levi,C ICCF email 2007}) 16. Nxd7 $16 Nxd7 17. Ne4 (17. Be4 $16 Bxe4 18. Nxe4) 17... Qb6 18. Nxc5 Nxc5 19. Bc2 Na4 {[#] And now ...Qc6 would win.} 20. Bb3 Nc5 21. Ba2 ({Not} 21. Rd6 $2 Rc6 $19) 21... Rfd8 22. Be5 Bd5 23. Bf6 Re8 24. Bxd5 exd5 25. Bd4 {[#] aiming for b4.} Qe6 26. Rac1 Ne4 27. b3 Rxc1 28. Rxc1 Rc8 29. Rxc8+ Qxc8 30. Qb2 Qc6 31. f3 Nd6 32. g4 Ne8 33. f4 Kf8 34. Bc3 Qe6 35. Qe2 Ke7 36. h3 Kd7 37. Qd3 Nd6 38. Be5 Ne4 39. Kg2 Qc6 40. Bb2 Ke6 41. Kf3 {The position is equal.} Ke7 42. Qd4 Nc5 43. b4 Ne6 44. Qa7+ Kf8 45. Qb8+ Ke7 {White must now prevent ...d4+.} 46. Qa7+ Kf8 47. Qb8+ Ke7 {Precision: White = 60%, Black = 57%.} 1/2-1/2

[Event "Lviv Tradition June 2018"]
[Site "Lviv"]
[Date "2018.06.11"]
[Round "1"]
[White "Ozenir, Ekin Baris"]
[Black "Frolov, Artur"]
[Result "1/2-1/2"]
[WhiteElo "2320"]
[BlackElo "2406"]
[Annotator "ChessBase"]
[PlyCount "49"]
[EventDate "2018.??.??"]
[EventType "schev"]
[EventCountry "UKR"]
[SourceTitle "playchess.com"]
[Source "ChessBase"]
[SourceQuality "1"]
[TimeControl "5400+30"]

1. d4 {[%emt 0:00:00]} Nf6 {[%emt 0:00:04]} 2. Bg5 {[%emt 0:00:05]} Ne4 {[%emt 0:00:26]} 3. Bf4 {[%emt 0:00:15]} c5 {[%emt 0:00:23]} 4. f3 {[%emt 0:00:26]} Qa5+ {[%emt 0:00:52]} 5. c3 {[%emt 0:00:27]} Nf6 {[%emt 0:00:21]} 6. d5 {[%emt 0:00:34]} d6 {[%emt 0:01:08]} 7. e4 {[%emt 0:00:46]} Nbd7 {[%emt 0:00:43]} 8. Na3 {[%emt 0:01:33]} g6 {[%emt 0:00:05]} 9. Nc4 {[%emt 0:01:16]} Qc7 {[%emt 0:00:03]} 10. a4 {[%emt 0:01:02]} Bg7 {[%emt 0:00:26]} 11. Qd2 {[%emt 0:01:00]} O-O {[%emt 0:00:31]} 12. Ne2 {[%emt 0:03:27]} Ne5 {[%emt 0:04:26]} 13. Ng3 {[%emt 0:07:57]} Bd7 {[%emt 0:07:18]} 14. Bg5 {[%emt 0:12:05]} Nxc4 {[%emt 0:21:20]} 15. Bxc4 {[%emt 0:00:09]} a6 {[%emt 0:00:03]} 16. h4 {[%emt 0:13:16]} b5 {[%emt 0:00:29]} 17. Be2 {[%emt 0:01:42]} h5 {[%emt 0:06:33]} 18. O-O {[%emt 0:08:25]} bxa4 {[%emt 0:04:37]} 19. f4 {[%emt 0:08:41]} Nh7 {[%emt 0:04:06]} 20. f5 {[%emt 0:04:39]} Nxg5 {[%emt 0:06:49]} 21. Qxg5 {[%emt 0:10:38]} Bf6 {[%emt 0:01:08]} 22. Qh6 {[%emt 0:01:09]} Bg7 {[%emt 0:00:15]} 23. Qg5 {[%emt 0:00:30]} Bf6 {[%emt 0:12:28]} 24. Qh6 {[%emt 0:00:15]} Bg7 {[%emt 0:00:06]} 25. Qg5 {[%emt 0:00:20]} 1/2-1/2

[Event "Lviv Tradition June 2018"]
[Site "Lviv"]
[Date "2018.06.11"]
[Round "1"]
[White "Tanriverdi, Enes"]
[Black "Anwesh, Upadhyaya"]
[Result "1/2-1/2"]
[WhiteElo "2281"]
[BlackElo "2375"]
[Annotator "NA"]
[PlyCount "64"]
[EventDate "2018.??.??"]
[EventType "schev"]
[EventCountry "UKR"]
[SourceTitle "playchess.com"]
[Source "ChessBase"]
[SourceQuality "1"]
[TimeControl "5400+30"]

1. d4 {[%emt 0:00:00]} Nf6 {[%emt 0:01:06]} 2. c4 {[%emt 0:00:00]} e6 {[%emt 0:00:05]} 3. Nf3 {[%emt 0:00:00]} d5 {[%emt 0:00:53]} 4. Nc3 {[%emt 0:00:00]} c6 {[%emt 0:00:22]} 5. e3 {[%emt 0:00:00]} Nbd7 {[%emt 0:00:03]} 6. Qc2 {[%emt 0:00:04]} Bd6 {[%emt 0:00:04]} 7. Be2 {[%emt 0:00:06]} O-O {[%emt 0:00:06]} 8. O-O {[%emt 0:00:05]} dxc4 {[%emt 0:00:42]} 9. Bxc4 {[%emt 0:00:06]} a6 {[%emt 0:00:13]} 10. e4 {[%emt 0:04:49]} e5 {[%emt 0:00:35]} 11. Rd1 {[%emt 0:00:51] D46: Semi-Slav: 5 e3 Nbd7 6 Bd3, Black avoids the Meran} Qe7 {[%emt 0:00:31]} 12. h3 {[%emt 0:01:59]} b5 {[%emt 0:02:42]} 13. Bb3 $146 {[%emt 0:00:56]} ({Predecessor:} 13. Bf1 Re8 14. Be3 Bb7 15. a3 exd4 16. Nxd4 Be5 17. Nf5 Qe6 18. f3 c5 19. Qf2 {1-0 (45) Schmidt,W (2370)-Mastrovasilis,D (2610) Poland 2013}) 13... Bb7 {[%emt 0:14:46]} 14. Bg5 {[%emt 0:20:52]} Rfe8 {[%emt 0:20:06]} 15. dxe5 {[%emt 0:13:23]} Nxe5 {[%emt 0:01:33]} 16. Nd4 {[%emt 0:00:16]} Bc5 {[%emt 0:01:53]} 17. Nf5 {[%emt 0:01:03]} Qf8 {[%emt 0:00:20]} 18. Kh1 {[%emt 0:05:14]} Bc8 {[%emt 0:03:56]} 19. f4 {[%emt 0:02:47]} Bxf5 {[%emt 0:01:34]} 20. exf5 {[%emt 0:24:12]} Ned7 {[%emt 0:00:19]} 21. Ne4 {[%emt 0:04:10]} Rxe4 {[%emt 0:10:32] [#]} 22. Rxd7 $1 {[%emt 0:00:15]} Rc4 {[%emt 0:00:13]} 23. Bxc4 {[%emt 0:04:02]} Nxd7 {[%emt 0:00:02]} 24. Rd1 {[%emt 0:01:22]} bxc4 {[%emt 0:14:09]} 25. Rxd7 {[%emt 0:00:06]} Qe8 {[%emt 0:02:09]} 26. Rd1 {[%emt 0:01:39]} Qe3 {[%emt 0:01:36]} ({Black should play} 26... Rb8 $14) 27. Qxc4 {[%emt 0:02:07]} h6 {[%emt 0:00:32]} 28. Bh4 {[%emt 0:00:25]} Ba7 $16 {[%emt 0:01:43]} 29. Qc1 {[%emt 0:05:20]} Rb8 {[%emt 0:01:35]} 30. Qxe3 {[%emt 0:02:09]} Bxe3 {[%emt 0:00:04]} 31. Rd8+ {[%emt 0:00:31]} Rxd8 {[%emt 0:00:06]} 32. Bxd8 {[%emt 0:00:02]} Bxf4 {[%emt 0:00:25]} 1/2-1/2

[Event "Lviv Tradition June 2018"]
[Site "Lviv"]
[Date "2018.06.11"]
[Round "1"]
[White "Akdogan, Alperen"]
[Black "Mirzoev, Emil"]
[Result "0-1"]
[WhiteElo "2260"]
[BlackElo "2421"]
[Annotator "TA"]
[PlyCount "82"]
[EventDate "2018.??.??"]
[EventType "schev"]
[EventCountry "UKR"]
[SourceTitle "playchess.com"]
[Source "ChessBase"]
[SourceQuality "1"]

{[%evp 13,82,22,22,10,24,21,14,0,4,0,0,-13,14,-27,4,7,0,0,0,-69,-62,-82,-64,-64,-64,-134,-134,-143,-131,-142,-139,-147,-143,-137,-119,-114,-117,-133,-83,-146,-140,-157,-137,-152,-136,-154,-160,-154,-157,-156,-123,-133,-125,-111,-104,-578,-577,-1586,-1575,-29980,-29981,-29981,-29982,-29982,-1427,-1291,-733,-1269,-1233,-1122,-943]} 1. d4 Nf6 2. Nf3 d5 3. c4 e6 4. g3 Bb4+ 5. Bd2 Bd6 6. Bg2 c6 7. Qc2 O-O 8. O-O {D30: Queen's Gambit Declined: Systems without Nc3} Nbd7 9. Rd1 Ne4 10. Be1 {The position is equal.} (10. Ne1 Nxd2 11. Nxd2 f5 12. Nd3 Nf6 {0-1 (42) Xiong,J (2634)-Caruana,F (2811) chess.com INT 2018}) 10... f5 11. Nc3 Qe7 12. a3 $146 ({Predecessor:} 12. e3 g5 {½-½ (42) Lesiege,A (2525)-Charbonneau,P (2505) chess.com INT 2017}) 12... a5 13. Rab1 g5 {[%cal Bg7g5,Bg5g4][%mdl 32]} 14. e3 g4 15. Nxe4 fxe4 16. Nd2 (16. Nh4 $11) 16... h5 $15 17. b4 axb4 18. axb4 Bxb4 19. cxd5 (19. h4 $15) 19... exd5 $17 20. Qb3 Bd6 $1 21. Bxe4 Ra3 $1 {[%cal Ra3b3]} 22. Bxd5+ Kh8 ({Weaker is} 22... cxd5 23. Qxd5+ Kg7 24. Nc4 $14) 23. Qc4 {Threatens to win with Ne4.} cxd5 24. Qxd5 {Ne4 is the strong threat.} Nf6 25. Qg5 Ra4 26. Rb6 ({White should play} 26. Rdc1) 26... Bc7 27. Qh6+ Nh7 28. Rb5 Qe8 29. Qxh5 Qxh5 30. Rxh5 {[#]} Bf5 $1 31. Rc1 Ba5 32. Nb3 Bxe1 33. Rxe1 Ra2 {Hoping for ...Bg6.} 34. Rc1 $2 {[%mdl 8192]} (34. Nc1 $17 {is tougher.} Rxf2 35. Kxf2 Bg6+ 36. Ke2 Bxh5 37. Nd3) 34... Bg6 $19 35. Rb5 Rfxf2 36. Rc8+ Kg7 37. Rxb7+ Kh6 38. Nc1 Rg2+ (38... Rad2 $142 39. Re7 Rg2+ 40. Kf1 Rdf2+ 41. Ke1 Rb2 42. Kf1 Rgf2+ 43. Ke1 Rxh2 44. Rxh7+ Kxh7 45. Rf8 {[#]} Bd3 $1 {[%mdl 512]} 46. Rf7+ Kg6 47. Rf1 Bxf1 48. e4 Bc4 49. Ne2 Rhxe2+ 50. Kf1 Rb1#) 39. Kf1 {Black is clearly winning.} Raf2+ 40. Ke1 Ng5 {( -> ...Nf3+)} 41. Rh8+ Bh7 {Precision: White = 41%, Black = 76%.} 0-1

[Event "Lviv Tradition June 2018"]
[Site "Lviv"]
[Date "2018.06.12"]
[Round "2"]
[White "Mirzoev, Emil"]
[Black "Tanriverdi, Enes"]
[Result "0-1"]
[WhiteElo "2421"]
[BlackElo "2281"]
[Annotator "TA"]
[PlyCount "72"]
[EventDate "2018.??.??"]
[EventType "schev"]
[EventCountry "UKR"]
[SourceTitle "playchess.com"]
[Source "ChessBase"]
[SourceQuality "1"]

{[%evp 22,72,-34,-28,-31,-76,-30,-21,-20,-20,-3,-28,-14,-6,-8,-6,-6,-61,-43,-70,-68,-60,-70,-64,-61,-152,-139,-130,-85,-120,-73,-100,-75,-170,-79,-77,0,-134,-116,-215,-190,-254,-218,-214,-168,-139,-16,-683,-651,-1452,-1452,-1440,-1381]} 1. d4 d5 2. Bf4 Nf6 3. e3 e6 4. Nd2 c5 5. c3 Nc6 6. Ngf3 Bd6 7. Bg3 O-O 8. Bd3 b6 9. Ne5 Bb7 10. f4 {D02: Damenbauernspiele} (10. O-O Qc7 11. f4 Ne7 12. Qb1 Qc8 13. Bh4 Nf5 14. Bxf5 exf5 15. Bxf6 gxf6 16. Nef3 Qe6 17. Re1 Ba6 18. Nh4 cxd4 19. exd4 {1-0 (28) Korobov,A (2692)-Dominguez Perez,L (2739) Doha 2016}) 10... Ne7 11. Qb1 g6 12. Bf2 {LiveBook: 9 Partien. Schwarz steht etwas besser.} Ne8 {[%cal Bf6e8,Be8d6,Bd6e4][%mdl 32]} 13. b4 $146 ({Vorgänger:} 13. O-O Qc7 14. Qd1 f6 {0-1 (57) Vojta,T (2351)-Caletka,R (2307) Czech Republic 2018}) 13... cxb4 14. cxb4 f6 15. Nef3 $1 Rc8 16. O-O Bb8 17. a4 Nd6 18. b5 Qd7 19. Ne1 (19. a5 $11) 19... Rc3 20. Qa2 Rfc8 21. Nb1 R3c7 22. Nc2 Ne4 23. Be1 (23. Nb4 $15) 23... Nf5 $17 {Weiss muss nun ...Txc2! beachten.} 24. Nba3 Kg7 25. Bb4 h5 26. Qb2 h4 27. h3 (27. a5 $17) 27... Nfd6 (27... Kh8 $19 {bietet bessere Gewinnchancen.} 28. a5 Qg7) 28. Be1 Nf5 ({Günstiger ist} 28... Kg8) 29. Bb4 $1 Nfg3 30. Rfc1 (30. Bxe4 $17 {war nötig.} Nxf1 31. Bd3) 30... g5 $19 31. fxg5 (31. a5 {war angesagt.}) 31... fxg5 32. Ne1 Qf7 $36 {[%mdl 2048] Droht ...Txc1 und aus. Schwarz bestimmt, wo es lang geht.} 33. Nf3 {[#]} Qf6 (33... g4 $1 $17 {[%mdl 512] Und ...Txc1+ würde nun gewinnen.} 34. Rxc7 (34. hxg4 h3) 34... Bxc7) 34. Nc2 $2 {[%mdl 8192] [#]} (34. Rxc7+ $11 Bxc7 35. Nh2) 34... g4 $1 {[%mdl 512] Schwarz steht klar auf Gewinn.} 35. hxg4 {[#] Weiss hofft, mit Sce1 fortzusetzen.} h3 $1 {[%cal Bh4h3,Bh3h2][%mdl 544] ( -> ...h2+!)} 36. Nce1 {[#]} (36. gxh3 Qxf3) 36... h2+ $1 {[%mdl 512] Precision: Weiß = 38%, Schwarz = 41%.} 0-1

[Event "Lviv Tradition June 2018"]
[Site "Lviv"]
[Date "2018.06.12"]
[Round "2"]
[White "Frolov, Artur"]
[Black "Can, Isik"]
[Result "1/2-1/2"]
[WhiteElo "2406"]
[BlackElo "2396"]
[Annotator "TA"]
[PlyCount "220"]
[EventDate "2018.??.??"]
[EventType "schev"]
[EventCountry "UKR"]
[SourceTitle "playchess.com"]
[Source "ChessBase"]
[SourceQuality "1"]

{[%evp 17,220,0,0,2,12,4,4,0,4,0,14,21,17,-16,0,0,0,-11,-12,-19,0,0,0,0,0,-14,-21,-24,-12,-58,-77,-68,-38,-52,0,0,0,0,0,0,0,0,1,3,81,63,90,90,78,80,95,95,95,95,95,95,95,95,95,95,95,95,74,8,8,8,37,18,18,18,18,19,23,0,23,6,165,156,416,382,401,401,728,720,831,765,588,520,1081,0,0,-8,0,0,0,0,45,45,48,33,33,27,31,8,8,0,8,8,8,8,8,8,8,0,0,0,8,0,0,0,0,0,0,0,0,0,0,0,0,0,8,0,8,0,0,0,0,0,0,0,0,0,0,0,0,0,8,0,0,0,0,0,0,0,0,0,0,0,0,0,0,0,0,0,0,0,0,0,0,0,0,0,0,0,0,0,0,0,0,0,0,0,0,0,0,0,0,0,0,0,0,0,0,0,0,0,0,0,0,0,0,0,0,0,0]} 1. d4 d5 2. Nf3 Nf6 3. c4 c6 4. Nc3 dxc4 5. a4 Bf5 6. e3 e6 7. Bxc4 Bb4 8. O-O Nbd7 9. Bd2 a5 {LiveBook: 8 Partien} 10. Ne2 {D18: Damengambit (Slawische Verteidigung, Hauptvariante)} O-O $146 (10... Bd6 {is more complex.} 11. Bc3 O-O 12. Re1 Qb8 13. Bb3 Qc7) ({Vorgänger:} 10... Qb6 11. Ng3 Bxd2 12. Nxf5 exf5 13. Nxd2 O-O 14. Be2 f4 15. Nc4 Qc7 16. Bf3 Rfe8 17. Qb3 Nf8 {½-½ (33) Romanishin,O (2555)-Komarov,D (2595) Reggio Emilia 1996}) 11. Bxb4 axb4 12. Ng3 Bg6 13. Nh4 c5 14. Nxg6 hxg6 15. b3 Qe7 16. dxc5 Nxc5 17. Qc2 Rac8 {[%cal Ba8c8,Bc8c5,Bc5a5][%mdl 32]} 18. Rfd1 Ncd7 19. Qb2 Nb6 20. Rac1 Rc5 21. e4 Nxc4 22. bxc4 Ra5 23. Qb3 Rfa8 24. Ra1 Qc5 25. h3 Rc8 ({Lieber} 25... R5a6 $15) 26. Rab1 $11 Qc6 27. Qxb4 Rxa4 28. Qe7 Re8 29. Rd8 Rxd8 30. Qxd8+ Qe8 (30... Kh7 $1 $11 {bleibt in der Remisbreite.}) 31. Qc7 $16 {[#] e5 ist eine echte Drohung.} Qc6 32. Rxb7 Qxc7 33. Rxc7 {[%mdl 4096] Endspiel KTS-KTS} Ra1+ 34. Kh2 Ne8 35. Rc8 Kf8 36. e5 {Droht stark Se4.} Re1 {[#]} 37. Rc5 $1 f5 38. f4 Ke7 39. h4 Kd7 40. h5 (40. Ra5 $16) 40... gxh5 $11 41. Nxh5 Ke7 42. Ra5 Re4 43. c5 Rc4 $1 44. Kg3 Kf7 45. Kh4 Rc2 46. g4 {zielt auf Sg3 ab.} Kg6 $2 (46... Nc7 $11 {und Schwarz ist OK.}) 47. Ra6 fxg4 $2 (47... Kf7 $16 48. Ng3 g6 49. Ra7+ Kf8) 48. Rxe6+ $18 Kf7 49. Rc6 Rg2 (49... Rc1 $142 50. Kxg4 Ke7) 50. f5 Ke7 51. Nf4 Rc2 52. e6 Kf6 (52... Kd8 $142 53. Ng6 Rc1 54. Kxg4 Nf6+ 55. Kf4 Re1) 53. Rc8 $2 (53. Kxg4 $18 Rc4 54. Rc8) 53... Kxf5 $11 {( -> ...g5+)} 54. Nd5 $132 {[%mdl 2048] Weiss is fighting back} Kxe6 55. Ne3 Rh2+ 56. Kg3 Rh5 57. Rxe8+ $14 {KTS-KT} Kd7 $1 {[%cal Rd7e8]} 58. Rg8 (58. Re4 {seems wilder.} Rxc5 59. Kxg4 Kd6 60. Nf5+ Kd5 61. Rd4+) 58... Rxc5 59. Rxg7+ Ke6 60. Rxg4 Rb5 {Die Stellung ist ausgeglichen.} 61. Rg6+ Kf7 62. Ra6 Rb4 63. Nd5 Rd4 64. Nf4 Ke7 65. Kg4 Kd7 66. Kf5 Rd6 67. Ra7+ Kc6 68. Ke5 Rd1 69. Ra2 Re1+ 70. Kd4 Rd1+ 71. Nd3 Rh1 72. Ne5+ Kd6 73. Ra6+ Ke7 74. Nf3 Rb1 75. Ke4 Kd7 76. Nd4 Rh1 77. Ke5 Rh5+ 78. Nf5 Kc7 79. Rf6 Rg5 80. Kd5 Rh5 81. Kc5 Kd7 82. Kd5 Kc7 83. Rf8 Rg5 84. Ke6 Rg1 85. Nd4 Rg6+ 86. Ke5 Rg5+ 87. Nf5 Rh5 88. Ke6 Rh1 89. Rg8 Rd1 90. Rh8 Rd2 91. Rh1 Re2+ 92. Kd5 Rg2 93. Rh5 Rg1 94. Nd4 Rd1 95. Rh6 Kb7 96. Rh8 Kc7 97. Rh2 Rd3 98. Rh1 Kb6 99. Rc1 Kb7 100. Rc4 Rd1 101. Kd6 Kb6 102. Rb4+ Ka5 103. Rb8 Ka4 104. Kd5 Ka3 105. Kc4 {Weiss will mit Sb5+ Matt setzen.} Rc1+ 106. Kd3 Ka4 107. Nb3 Rc7 108. Kd4 Ka3 109. Nc5 Ka2 110. Rb5 Rh7 {Precision: Weiß = 61%, Schwarz = 59%.} 1/2-1/2

[Event "Lviv Tradition June 2018"]
[Site "Lviv"]
[Date "2018.06.12"]
[Round "2"]
[White "Anwesh, Upadhyaya"]
[Black "Dedebas, Emre Emin"]
[Result "1/2-1/2"]
[WhiteElo "2375"]
[BlackElo "2336"]
[Annotator "TA"]
[PlyCount "118"]
[EventDate "2018.??.??"]
[EventType "schev"]
[EventCountry "UKR"]
[SourceTitle "playchess.com"]
[Source "ChessBase"]
[SourceQuality "1"]

{[%evp 17,118,2,20,1,0,11,10,18,15,10,17,0,30,22,21,33,35,0,0,0,8,6,9,8,17,16,10,12,16,17,23,23,36,25,34,0,0,0,0,0,0,0,0,0,10,12,13,11,12,12,11,2,2,3,3,0,0,0,0,0,8,8,8,8,20,8,25,0,0,0,0,0,0,0,0,0,0,0,0,0,0,0,0,0,0,0,0,0,0,0,0,0,0,-8,-8,-8,-8,-8,-8,-8,-8,-8,-8]} 1. Nf3 Nf6 2. c4 e6 3. g3 d5 4. Bg2 Be7 5. O-O O-O 6. b3 b6 7. Bb2 Bb7 8. e3 Nbd7 9. Nc3 Ne4 {LiveBook: 80 Games} 10. d4 {A14: English Opening: 1...e6 with b3 by White} (10. Ne2 Bf6 11. d4 c5 12. cxd5 exd5 13. Nf4 c4 14. Nd2 cxb3 15. Nxd5 Bxd5 16. Bxe4 Bxe4 17. Nxe4 bxa2 18. Rxa2 {1-0 (34) Wei,Y (2734)-Bacrot,E (2718) Liaocheng 2018}) 10... Nxc3 11. Bxc3 c5 $146 ({Predecessor:} 11... Bf6 12. Rc1 c5 13. cxd5 Bxd5 14. Qe2 cxd4 15. Bxd4 Bxd4 16. Nxd4 Bxg2 17. Kxg2 Nf6 {1-0 (42) Harika,D (2505)-Dzagnidze,N (2570) Beijing 2014}) 12. cxd5 Bxd5 13. Qe2 cxd4 14. Bxd4 Bc5 15. Rfd1 Qe7 16. Rac1 Rac8 17. e4 Bb7 18. Bxc5 Nxc5 19. e5 Rfd8 20. Nd4 Bxg2 21. Kxg2 Qb7+ 22. Qf3 Qxf3+ 23. Kxf3 Kf8 24. Ke3 a6 25. Rd2 a5 26. Rcd1 Rd5 27. f4 Na6 28. a3 Ke8 29. Nf3 Rc3+ 30. Rd3 Nc5 31. Rxc3 Rxd1 $11 {[%mdl 4096] Endgame KRN-KRN} 32. b4 axb4 33. axb4 Na6 $1 34. Rc8+ Rd8 35. Rxd8+ Kxd8 {KN-KN} 36. Ng5 Ke7 37. b5 Nc7 38. Nxh7 Nxb5 39. Ng5 Nc3 40. Kd4 Nd5 41. Ne4 Kd7 42. h4 Ne7 {The position is equal.} 43. h5 Nf5+ 44. Kd3 Nh6 45. Nf2 g6 46. g4 gxh5 47. gxh5 Kc6 48. Kc4 b5+ 49. Kb4 Kd5 50. Kxb5 Kd4 $1 51. Kc6 {[#] Threatens to win with Kd7.} Ke3 52. Nh3 Kf3 $1 53. Kd7 {And now Ke8 would win.} Kg4 54. Ng5 {Strongly threatening Ke8.} Kxf4 55. Nxe6+ Kxe5 56. Ng7 Kf6 57. Ne8+ Kg5 58. Nd6 Kxh5 59. Nxf7 Nxf7 {Precision: White = 65%, Black = 79%.} 1/2-1/2

[Event "Lviv Tradition June 2018"]
[Site "Lviv"]
[Date "2018.06.12"]
[Round "2"]
[White "Sabuk, Piotr"]
[Black "Ozenir, Ekin Baris"]
[Result "1-0"]
[WhiteElo "2369"]
[BlackElo "2320"]
[Annotator "TA"]
[PlyCount "85"]
[EventDate "2018.??.??"]
[EventType "schev"]
[EventCountry "UKR"]
[SourceTitle "playchess.com"]
[Source "ChessBase"]
[SourceQuality "1"]

{[%evp 25,85,24,29,27,35,30,28,26,83,79,52,77,77,64,46,56,89,82,116,116,112,112,112,119,215,111,246,238,242,239,216,170,258,245,234,243,219,210,291,280,339,336,346,339,612,599,619,508,507,499,467,320,319,312,446,446,440,441,425,425,381,304]} 1. d4 Nf6 2. c4 e6 3. g3 d5 4. Nf3 Bb4+ 5. Bd2 Be7 6. Bg2 O-O 7. O-O b6 8. cxd5 exd5 9. Nc3 Bb7 10. Ne5 Na6 {[%cal Bb8a6,Ba6c5,Bc5e4][%mdl 32]} 11. Rc1 c5 12. Bf4 Re8 13. dxc5 Nxc5 14. Nb5 {E18: Queen's Indian: Old Main Line (4 g3 Bb7 5 Bg2 Be7 6 0-0 0-0 7 Nc3)} a6 15. Nd4 Bd6 16. b4 {White has an edge.} Bxe5 (16... Nce4 $1 $11 {remains equal.} 17. Nd3 a5) 17. Bxe5 $16 (17. bxc5 $6 Bxf4 18. gxf4 bxc5 $11) 17... Nce4 $146 ({Predecessor:} 17... Rxe5 18. bxc5 bxc5 19. Rxc5 Rc8 20. Qc2 g6 {1-0 (78) Groszpeter,A (2470)-Zsinka,L (2340) Budapest 1985}) 18. Bc7 Qe7 19. Bxb6 Qxb4 20. Qb3 $36 {[%mdl 2048] White has good play.} Qxb3 21. axb3 Rac8 22. Bh3 Rxc1 23. Rxc1 Ng5 24. Bf5 g6 (24... Ne6 $16 {was worth a try.} 25. Bd3 Rc8 26. Rxc8+ Bxc8) 25. Bd3 (25. Rc7 $18) 25... Nfe4 (25... Rc8 $16 {might work better.} 26. Rxc8+ Bxc8) 26. Rc7 $18 Bc8 {intending ...Nh3+.} 27. Nc6 {[#] Threatens to win with Rxc8!} Kf8 28. f3 Nf6 (28... Ne6 $142) 29. h4 Ne6 30. Ra7 Nd7 31. Be3 Kg7 32. b4 h5 33. Kf2 Kg8 34. Ra8 (34. Bxa6 Bxa6 35. Rxa6 (35. Rxd7 Bb5 $18) 35... Ng7) 34... Kh7 $2 {[#]} (34... d4) 35. Bxa6 d4 36. Nxd4 ({Inferior is} 36. Bxc8 dxe3+ 37. Kg2 (37. Kxe3 Nb6 $15) 37... Nb6 $15) 36... Nb6 37. Rb8 Nc7 38. Bb5 ({Don't play} 38. Rxb6 Bxa6 39. b5 Bc8 $18) 38... Nxb5 39. Nxb5 Nd5 (39... Nc4 {is a better defense.} 40. Bd4 Rg8) 40. Bc5 Bd7 41. Rxe8 Bxe8 42. Nd6 Bd7 43. Nxf7 {Precision: White = 72%, Black = 31%.} 1-0